| 000 | 00944nam a22002417a 4500 | ||
|---|---|---|---|
| 005 | 20100807140449.0 | ||
| 010 | _aENG-98860 G-001349 | ||
| 020 |
_a9788177669619 _c300.00 |
||
| 035 | 1 | d | _aEN-82392 |
| 035 | 1 | d | _a G-001349 |
| 037 | _bDBAD/PUB | ||
| 037 | _bGift | ||
| 082 | _a332.1092 | ||
| 100 |
_aJoshi,P N _934486 |
||
| 245 |
_aGlimpses of changing banking scenario / _cby P N Joshi |
||
| 260 |
_aPune _bMehta Publishing House _c2008 |
||
| 270 |
_a1941 Sadashiv Peth Mediwale Colony Pune _bPune _e411030 |
||
| 300 |
_a295p _c21cm(pbk) |
||
| 942 |
_2ddc _cEN _h332.1092 _mJOS |
||
| 999 |
_c40064 _d40064 |
||